Most Visited Landmarks In The World - Statistics

General Stats
  • This quiz has been taken 48 times
    19 since last reset
  • The average score is 13 of 50
Answer Stats
Country Landmark % Correct
Italy Colosseum
100%
France Eiffel Tower
100%
England Big Ben
80%
USA Statue of Liberty
80%
Italy Leaning Tower of Pisa
67%
Australia Sydney Opera House
67%
UAE Burj Khalifa
60%
England Stonehenge
53%
England Buckingham Palace
40%
Canada and USA Niagara Falls
40%
Greece Acropolis
33%
England London Eye
33%
Japan Mount Fuji
33%
France Arc De Triomphe
27%
USA Grand Canyon
27%
China Great Wall of China
27%
USA Mount Rushmore
27%
France Notre Dame
27%
Jordan Petra
27%
Egypt Pyramids of Giza
27%
England Tower of London
27%
Italy Trevi Fountain
27%
Australia Uluru
27%
Cambodia Angkor Wat
20%
Mexico Chichen Itza
20%
Canada CN Tower
20%
USA Empire State Building
20%
USA Golden Gate Bridge
20%
Australia Sydney Harbour Bridge
20%
Germany Brandenburg Gate
13%
France Palace of Versailles
13%
Italy Pompeii
13%
England Saint Paul's Cathedral
13%
India Taj Mahal
13%
England Tower Bridge
13%
Spain Alhambra
7%
Korea Demilitarised Zone
7%
Australia Great Barrier Reef
7%
Spain La Sagrada Familia
7%
France Louvre Museum
7%
France Mont Saint-Michel
7%
USA Washington Monument
7%
England Windsor Castle
7%
Australia Bondi Beach
0%
Singapore Gardens by The Bay
0%
England Gherkin
0%
USA Hoover Dam
0%
France Sacre Couer Basilica
0%
Italy Saint Mark's Basilica
0%
USA Seattle Space Needle
0%
No matching quizzes found
Score Distribution
Percent of People with Each Score
Percentile by Number Answered
Your Score History
You have not taken this quiz since the last reset